|
|
|
|
| LEADER |
01878nam a2200313 a 4500 |
| 001 |
2406820 |
| 008 |
090514s1986 enka b 100 0 eng d |
| 010 |
|
|
|a 86029191
|
| 020 |
|
|
|a 1851660844
|
| 040 |
|
|
|a DLC
|c DLC
|d DLC
|
| 082 |
0 |
0 |
|a 338.1/5
|2 19
|
| 111 |
2 |
|
|a Seminar on "Research and the Problems of Agricultural Surpluses in Europe"
|d (1985 :
|c Brussels, Belgium)
|
| 245 |
1 |
0 |
|a Alternative uses for agricultural surpluses /
|c edited by W.F. Raymond and P. Larvor.
|
| 260 |
|
|
|a London ;
|a New York :
|b Elsevier Applied Science ;
|a New York, NY, USA :
|b Sole distributor in the USA and Canada, Elsevier Science,
|c c1986.
|
| 300 |
|
|
|a vi, 134 p. :
|b ill. ;
|c 23 cm.
|
| 500 |
|
|
|a "Proceedings of the Seminar on "Research and the Problems of Agricultural Surpluses in Europe", organised by the Directorate-General for Agriculture (DG VI) and the Directorate-General for Science, Research, and Development (DG XII) of the Commission of the European Communities, and held in Brussels, Belgium, on 25-27 June 1985".
|
| 504 |
|
|
|a Includes bibliographies.
|
| 541 |
1 |
|
|e 00004205
|
| 650 |
|
0 |
|a Agricultural processing
|x Congresses.
|
| 650 |
|
0 |
|a Agricultural processing
|z European Economic Community countries
|x Congresses.
|
| 650 |
|
0 |
|a Surplus agricultural commodities
|x Congresses.
|
| 650 |
|
0 |
|a Surplus agricultural commodities
|z European Economic Community countries.
|
| 700 |
1 |
|
|a Raymond, W. F.
|
| 700 |
1 |
|
|a Larvor, P.
|
| 710 |
2 |
|
|a Commission of the European Communities.
|b Directorate-General for Agriculture.
|
| 710 |
2 |
|
|a Commission of the European Communities.
|b Directorate-General for Science, Research, and Development.
|
| 852 |
4 |
|
|a Ayesha Abed Library
|j General shelf
|
| 999 |
|
|
|c 8969
|d 8969
|
| 952 |
|
|
|0 0
|1 0
|2 ddc
|4 0
|6 338_150000000000000_ALT_1986
|7 0
|9 11047
|a BRACUL
|b BRACUL
|c GEN
|d 2010-06-17
|g 0.00
|l 0
|o 338.15 ALT
|p 3010004205
|r 2010-06-17
|t 1
|w 2010-06-17
|y BK
|z Not price in Register
|